000 01018nac a22002291u 4500
010 _a 2004030220
020 _a1844072126 (pbk. : alk. paper)
082 0 0 _a363.7
_bHOW
090 _c8417
_d8417
100 _aHowes, Michael.
245 1 0 _aPolitics and the environment :risk and the role of government and industry /
_brisk and the role of government and industry /
_cMichael Howes.
260 _aLondon ;
_aSterling, VA :
_bEarthscan,2005.
_cc2005.
300 _axxxiii, 218 p. :
_bill. ;
_c23 cm.
500 _aDistributer: Al-Ahram
504 _aIncludes bibliographical references (p. 183-209) and index.
511 _aCatalogued by: Sara
650 0 _aEnvironmental risk assessment.
650 0 _aEnvironmental policy.
650 0 _aEconomic development--Environmental aspects
856 4 1 _3Table of contents
_uhttp://www.loc.gov/catdir/toc/ecip055/2004030220.html
942 _cBB
_k363.7HOW
999 _c8417
_d8417